000 00731cam a22002657a 4500
001 15682869
003 OSt
005 20250901165816.0
008 090402s2007 ke 000 d swa
010 _a 2009349343
020 _a9966226206
040 _aDLC
_cDLC
042 _alcode
050 0 0 _aPL 8704 .R35 2007
100 1 _aKisovi, Catherine N. M.
245 1 0 _aDunia hadaa /
_cCatherine N.M. Kisovi.
260 _aNairobi :
_bJomo Kenyatta Foundation,
_c2007.
300 _a103 p. ;
_c18 cm.
490 0 _aFasihi yetu
520 _aA play.
546 _aIn Swahili.
906 _a7
_bcbc
_corigode
_d4
_encip
_f20
_gy-gencatlg
942 _2lcc
_cBK
999 _c9509
_d9509